| 000 | 01093nam a22001937a 4500 | ||
|---|---|---|---|
| 003 | OSt | ||
| 005 | 20251118163022.0 | ||
| 008 | 251118b |||||||| |||| 00| 0 eng d | ||
| 040 | _cDCL | ||
| 082 | _a၂၉၄.၃၈၂၃၅၆ | ||
| 130 |
_aတိပိဋက။ _pသုတ္တန္တပိဋက။ _pခုဒ္ဒကနိကာယ။ _tအပါဒါန်၊ _lအဋ္ဌကထာ၊ _sနိဿယ။ |
||
| 245 |
_aအပဒါန အဋ္ဌကထာနိဿယ ၊ _bဒုတိယတွဲ၊ ဒုတိယပိုင်း / _cအရှင်ပါမောက္ခ။ |
||
| 264 |
_aရန်ကုန် ၊ _bဟံသာဝတီသတင်းစာပုံနှိပ်တိုက်၊ _c၁၉၀၉။ |
||
| 300 |
_a၄၂၂ စာမျက်နှာ ၊ _c၃၀ စင်တီ။ |
||
| 650 |
_aအပဒါန် _vအဋ္ဌကထာနိဿယ။ |
||
| 650 |
_aအပါဒါန် _vအဋ္ဌကထာနိဿယ။ |
||
| 700 | _aပါမောက္ခ၊ အရှင်။ | ||
| 942 |
_2ddc _cSHORT TERM _n0 |
||
| 999 |
_c2521 _d2521 |
||